书目信息 |
| 题名: |
美国官僚体制
|
|
| 作者: | 威尔逊 著 ;李国庆 译 | |
| 分册: | ||
| 出版信息: | 北京 社会科学文献出版社 2019.09 |
|
| 页数: | 18, 563页 | |
| 开本: | 22cm | |
| 丛书名: | ||
| 单 册: | ||
| 中图分类: | D771.221 , D771.2 | |
| 科图分类: | ||
| 主题词: | 官僚主义--guan liao zhu yi--政治制度--研究--美国 | |
| 电子资源: | ||
| ISBN: | 978-7-5097-9290-2 | |
| 000 | 01685nam0 2200325 450 | |
| 001 | 2269898757 | |
| 005 | 20220916192519.86 | |
| 010 | @a978-7-5097-9290-2@b精装@dCNY89.00 | |
| 092 | @aCN@bRt899-3300 | |
| 100 | @a20191010d2019 em y0chiy50 ea | |
| 101 | 1 | @achi@ceng |
| 102 | @aCN@b110000 | |
| 105 | @ay a 001yy | |
| 200 | 1 | @a美国官僚体制@Amei guo guan liao ti zhi@e政府机构的行为及其动因@f(美) 詹姆斯·Q.威尔逊著@d= Bureaucracy@ewhat government agencies do and why they do lt@fJames Q. Wlison@g李国庆译@zeng |
| 210 | @a北京@c社会科学文献出版社@d2019.09 | |
| 215 | @a18, 563页@d22cm | |
| 314 | @a詹姆斯·Q.威尔逊, 美国学者、政治学家和公共管理的权威。李国庆, 博士, 北京第二外国语学院副教授, 研究方向为美国社会与文化等。 | |
| 320 | @a有书目 (第509-538页) 和索引 | |
| 330 | @a詹姆斯·Q.威尔逊在掌握大量史料以及结合自身数十年教学和研究的基础上, 以通俗、简明的方式阐述了一种关于官僚机构行为的理论, 呈现了美国诸政府机构 —— 如美国军队、监狱系统、林务局、缉毒局、国务院、中央情报局、联邦调查局、环境保护局、社会保障总署、联邦贸易委员会等, 以及国会、总统和法院系统 —— 如何运作以及为何如此运作的生动图景, 为我们提供了一份关于美国官僚体制的重要且经典的研究指南。 | |
| 500 | 10 | @aBureaucracy : what government agencies do and why they do lt@mChinese |
| 517 | 1 | @a政府机构的行为及其动因@Azheng fu ji gou de xing wei ji qi dong yin |
| 606 | 0 | @a官僚主义@Aguan liao zhu yi@x政治制度@x研究@y美国 |
| 690 | @aD771.221@v5 | |
| 690 | @aD771.2@v4 | |
| 701 | 1 | @a威尔逊@Awei er xun@g(Wlison, James Q.),@f1931-2012@4著 |
| 702 | 0 | @a李国庆@Ali guo qing@4译 |
| 801 | 0 | @aCN@b人天书店@c20191010 |
| 901 | @a社会科学文献出版社 | |
| 905 | @aZUCC@dD771.2@e25 | |
| 997 | @a期货 | |
| 美国官僚体制:政府机构的行为及其动因/(美) 詹姆斯·Q.威尔逊著= Bureaucracy:what government agencies do and why they do lt/James Q. Wlison/李国庆译.-北京:社会科学文献出版社,2019.09 |
| 18, 563页;22cm |
| ISBN 978-7-5097-9290-2(精装):CNY89.00 |
| 詹姆斯·Q.威尔逊在掌握大量史料以及结合自身数十年教学和研究的基础上, 以通俗、简明的方式阐述了一种关于官僚机构行为的理论, 呈现了美国诸政府机构 —— 如美国军队、监狱系统、林务局、缉毒局、国务院、中央情报局、联邦调查局、环境保护局、社会保障总署、联邦贸易委员会等, 以及国会、总统和法院系统 —— 如何运作以及为何如此运作的生动图景, 为我们提供了一份关于美国官僚体制的重要且经典的研究指南。 |
| ● |
| 相关链接 |
|
|
|
正题名:美国官僚体制
索取号:D771.2/25
 
预约/预借
| 序号 | 登录号 | 条形码 | 馆藏地/架位号 | 状态 | 备注 |
| 1 | 2000895156 | 2000895156 | 第三书库/ [索取号:D771.2/25] | 在馆 | |
| 2 | 2000895157 | 2000895157 | 第三书库/ [索取号:D771.2/25] | 在馆 | |
| 3 | 2000895158 | 2000895158 | 第三书库/ [索取号:D771.2/25] | 在馆 |